000 00543nam a2200181Ia 4500
003 LDD
008 181101s9999 xx 000 0 und d
020 _a9789382775157
_c223.00
040 _cLDD
100 _aZakir, Mohammed
245 0 _aPoems from urdu
_bin translation with transcription and the original
_cMohammed Zakir
260 _aDelhi
_bDilli Kitab Ghar
_c2015
300 _a428p.
901 _a15921
_b17-03-2017
902 _a2841
_b17-03-2017
_cF
_dPIBD
_e8U
903 _a20
_bReqst by : Mohd. Akbar
942 _2ddc
_cUR
999 _c343
_d343